I will go with my family : (Record no. 25315)

MARC details
000 -LEADER
fixed length control field 01802nam a2200481 a 4500
001 - CONTROL NUMBER
control field 1416921874
003 - CONTROL NUMBER IDENTIFIER
control field AUA.1
005 - DATE AND TIME OF LATEST TRANSACTION
control field 20260226134211.0
008 - FIXED-LENGTH DATA ELEMENTS--GENERAL INFORMATION
fixed length control field 260226||||| ||| 000 0 und d
020 ## - INTERNATIONAL STANDARD BOOK NUMBER
International Standard Book Number 9780828028899
035 ## - SYSTEM CONTROL NUMBER
System control number (OCoLC)1416921874
040 ## - CATALOGING SOURCE
Original cataloging agency CPU
Language of cataloging eng
Transcribing agency CPU
Modifying agency OCLCO
-- JTL
050 ## - LIBRARY OF CONGRESS CALL NUMBER
Classification number BV4438
Item number .O46 2021
245 00 - TITLE STATEMENT
Title I will go with my family :
Remainder of title family resilience /
Statement of responsibility, etc [edited by] Willie and Elaine Oliver.
246 10 - VARYING FORM OF TITLE
Title proper/short title Family resilience.
260 ## - PUBLICATION, DISTRIBUTION, ETC. (IMPRINT)
Place of publication, distribution, etc Silver Spring, MD. :
Name of publisher, distributor, etc Review and Herald,
Date of publication, distribution, etc c2021.
300 ## - PHYSICAL DESCRIPTION
Extent 196 pages :
Other physical details illustrations ;
Dimensions 26 cm.
500 ## - GENERAL NOTE
General note 2022 Resource Book.
504 ## - BIBLIOGRAPHY, ETC. NOTE
Bibliography, etc Includes bibliographical references.
650 #0 - SUBJECT ADDED ENTRY--TOPICAL TERM
Topical term or geographic name as entry element Church work with families
Form subdivision Handbooks, manuals, etc.
650 #0 - SUBJECT ADDED ENTRY--TOPICAL TERM
Topical term or geographic name as entry element Families
General subdivision Religious life.
700 1# - ADDED ENTRY--PERSONAL NAME
Personal name Oliver, Willie,
Relator term editor.
700 1# - ADDED ENTRY--PERSONAL NAME
Personal name Oliver, Elaine,
Relator term editor.
700 1# - ADDED ENTRY--PERSONAL NAME
Personal name Baltazar, Alina
Relator term Contributor
700 1# - ADDED ENTRY--PERSONAL NAME
Personal name Bauer, Stephen
Relator term Contributor
700 1# - ADDED ENTRY--PERSONAL NAME
Personal name Weakley, Katelyn Campbell
Relator term Contributor
700 1# - ADDED ENTRY--PERSONAL NAME
Personal name Consuegra, Claudio
Relator term Contributor
700 1# - ADDED ENTRY--PERSONAL NAME
Personal name Consuegra, Pamela
Relator term Contributor
700 1# - ADDED ENTRY--PERSONAL NAME
Personal name Holford, Karen
Relator term Contributor
700 1# - ADDED ENTRY--PERSONAL NAME
Personal name Horst, Tamyra
Relator term Contributor
700 1# - ADDED ENTRY--PERSONAL NAME
Personal name Iannò, Roberto
Relator term Contributor
700 1# - ADDED ENTRY--PERSONAL NAME
Personal name Jacobson-Venn, Dawn
Relator term Contributor
700 1# - ADDED ENTRY--PERSONAL NAME
Personal name Kidder, S. Joseph
Relator term Contributor
700 1# - ADDED ENTRY--PERSONAL NAME
Personal name Mbwana, Geoffrey
Relator term Contributor
700 1# - ADDED ENTRY--PERSONAL NAME
Personal name Melgosa, Julian
Relator term Contributor
9 (RLIN) 50458
700 1# - ADDED ENTRY--PERSONAL NAME
Personal name Miller, Jared
Relator term Contributor
700 1# - ADDED ENTRY--PERSONAL NAME
Personal name Miller, Katie
Relator term Contributor
700 1# - ADDED ENTRY--PERSONAL NAME
Personal name Muganda, Tanya
Relator term Contributor
700 1# - ADDED ENTRY--PERSONAL NAME
Personal name Pena, Erick
Relator term Contributor
700 1# - ADDED ENTRY--PERSONAL NAME
Personal name Slikkers, Ingrid Weiss
Relator term Contributor
710 2# - ADDED ENTRY--CORPORATE NAME
Corporate name or jurisdiction name as entry element General Conference of Seventh-Day Adventists.
Subordinate unit Family Ministries Department.
942 ## - ADDED ENTRY ELEMENTS (KOHA)
Source of classification or shelving scheme Library of Congress Classification
Koha item type Books
Classification part BV 4438
Item part .O46 2021

No items available.